Динамическая модель накопления потенциала в системе непрерывного профессионального образования; Инновационные технологии и экономика в машиностроении

Bibliografiske detaljer
Parent link:Инновационные технологии и экономика в машиностроении.— 2007.— С. 516-520
Hovedforfatter: Маслов А. В. Анатолий Викторович
Sprog:russisk
Udgivet: 2007
Fag:
Format: MixedMaterials Book Chapter
KOHA link:https://koha.lib.tpu.ru/cgi-bin/koha/opac-detail.pl?biblionumber=136067

MARC

LEADER 00000naa2a2200000 4500
001 136067
005 20231031140319.0
035 |a (RuTPU)RU\TPU\book\147458 
090 |a 136067 
100 |a 20080418d2007 k y0rusy50 ca 
101 0 |a rus 
102 |a RU 
200 1 |a Динамическая модель накопления потенциала в системе непрерывного профессионального образования  |f А. В. Маслов 
320 |a Библиогр.: 6 назв. 
463 0 |0 (RuTPU)RU\TPU\book\136479  |t Инновационные технологии и экономика в машиностроении  |o V Всероссийская научно-практическая конференция с международным участием, г. Юрга 14-15 сентября 2007 г.  |o труды  |f Томский политехнический университет (ТПУ) ; Юргинский технологический институт (филиал) ; под ред. Д. А. Чинахова  |v С. 516-520  |d 2007  |p 558 с. 
610 1 |a непрерывное профессиональное образование 
610 1 |a непрерывное образование 
610 1 |a научный потенциал 
610 1 |a подготовка специалистов 
610 1 |a имитационные модели 
610 1 |a динамические модели 
610 1 |a образовательные услуги 
610 1 |a труды учёных ТПУ 
700 1 |a Маслов  |b А. В.  |c специалист в области информационных систем  |c доцент Юргинского технологического института (филиала) Томского политехнического университета  |f 1957-  |g Анатолий Викторович  |2 stltpush  |3 (RuTPU)RU\TPU\pers\24268 
801 1 |a RU  |b 63413507  |c 20080418  |g PSBO 
801 2 |a RU  |b 63413507  |c 20160726  |g RCR 
942 |c BK